Datum a čas kvízu
27.5
Celkem bodů
Celkový počet nahraných bodů na tomto kvízu bez doplňovacích otázek.
5.
Pořadí na kvízu
Konečné umístění týmu na tomto kvízu.
Zaznamenané odpovědi
| # | Otázka | Odpověď | Body | Výsledky |
|---|---|---|---|---|
| 1. | V pondělí se málem naplnila sl... | Konrad | 0 | |
| 2. | Slavný americký rapper minulý... | Kanye West | 1 | |
| 3. | V pátek začala ve vybraných ki... | Tady Vary | 1 | |
| 4. | Minulý týden byl zveřejněn prů... | Amazon | 1 | |
| 5. | Fotbalisté Baníku Ostrava se p... | proti chovu slepic v klecích | 1 | |
| 6. | Toto téma začneme poněkud netr... | Manželství na zkoušku/manželství na rok a den. | 0 | |
| 7. | Kromě Yoko Ono, i další manžel... | George Harrison | 1 | |
| 8. | Jedna z chotí československých... | D | 0 | |
| 9. | Americká herečka Joanne Woodwa... | Paul Newman | 0 | |
| 10. | Mysteriózní komediální americk... | 1B 2C 3D 4A | 0 |